000 00621nam a22001937a 4500
005 20130628152556.0
010 _aB-508956-957
020 _a9788131790243
_c199.00
035 _aB-508952-953
037 _adpl
_bKBD/Ven
082 _a513
100 _aSinha, Nishit K.
245 _aCSAT Parper II
_cby Nishit K. Sinha
260 _aNew Delhi
_bPearson
_c2013
270 _a11 Community Centre, Panchsheel Park
_bNew Delhi
_e110017
300 _a216p.
_bill.
_c23cm(pbk)
942 _2ddc
_cEN
_h513
_mSIN
999 _c77068
_d77068